000 00402cam a2200169 4500
001 D12465
008 090401t1893 xxu||||| |||| 00| 0 eng d
035 _a(Sirsi) u3665
041 _aeng
100 _aCooke, William George
245 _aNotes on the principles of parodical rating
260 _bEstates Gazette
_c1893
350 _a0
520 _aShelf 114
942 _n0
948 _c04/03/1997
999 _c85916
_d85916